Responses for Show #7001 - Monday, February 9, 2015

2015 Teachers Tournament semifinal game 1.

Contestants

[<< previous game]

Erin McLaughlin, a fifth grade teacher from Queens, New York

Lydia Cuffman, a high school history teacher from Redwood City, California

Adam Elkana-Hale, a middle school math teacher from St. Louis, Missouri

[next game >>]

Jeopardy! Round responses

PARTS OF A PLANT
ROOTS
BUDS
LEAVES
"SEED"s
STEM
(Alex: ...which is an acronym for "science, technology, engineering, and math". All of them coming up.)
    $200 26
quality control

Lydia
    $200 3
cheese head

Lydia
    $200 15
Alexander the Great

Adam
    $200 17
the Cheshire Cat

Lydia
    $200 11
seed money

Adam
    $200 1
mechanics

Adam
    $400 27
a production line

Lydia
    $400 4
the New York Knicks

Adam
    $400 22
(Adam: Who are Bonnie and Clyde?)

Butch Cassidy & the Sundance Kid

AdamErin
    $2,000 18
(Lydia: Who is Casanova?)

Don Vito Corleone ("The Godfather")

Lydia
    $400 12
Johnny Appleseed

Lydia
    $400 2
civil engineering

Lydia
    $600 28
pressure

Erin
    $600 5
an octopus

Adam
    $600 23
(Lydia: Who is McCartney? Who is Paul McCartney?)
...
(Alex: Yes. We needed both of them. Sorry.)

(Paul) McCartney & (John) Lennon

LydiaErin
    $600 19
(Adam: Who is Robinson Crusoe?)

Long John Silver

Adam
Triple Stumper
    $600 13
a sesame seed bun

Lydia
    $600 8
Euclid

Adam
    $800 29
(Lydia: What is the sales floor?)

the shop floor

Lydia
Triple Stumper
    $800 6
Arnie's Army

Adam
    $800 24
(Nikola) Tesla

Erin
    $800 20
Bilbo Baggins

Adam
    $800 14
The Bad Seeds

Erin
    $800 9
petroleum engineering

Adam
    $1000 30
the kiln

Lydia
    $1000 7
Manchester United

Adam
    $1000 25
(Lydia: Who was Caesar Augustus?)

Mark Antony

AdamLydia
    $1000 21
Eponine

Erin
    $1000 16
(Erin: What are seed beads?)

seed pearls

LydiaErin
    $1000 10
13

Lydia

Scores at the first commercial break (after clue 15):

Adam Lydia Erin
$4,800 $2,600 $800

Scores at the end of the Jeopardy! Round:

Adam Lydia Erin
$5,600 $1,000 $3,200

Double Jeopardy! Round responses

BIBLE BRIEFS
SOUTH OF THE EQUATOR
HORSEY VOCABULARY
THE NEW $100 BILL
MOVIES WITH "HEART"
THE MERRY WIVES OF WINDSOR
    $400 1
the King James Version

Lydia
    $400 14
June

Adam
    $400 17
(Adam: What are reins? What is a [*]?)

a rein

Adam
    $400 26
ultraviolet

Erin
    $400 3
Crazy Heart

Adam
    $400 11
Prince Philip

Adam
    $800 2
Pontius Pilate

Erin
    $800 20
Madagascar

Erin
    $800 18
a spur

Lydia
    $800 27
(Adam: Who is Ben Franklin?)

printing

AdamErin
    $800 5
A Mighty Heart

Triple Stumper
    $800 12
Queen Mary

Adam
    $1200 4
Song of Solomon

Erin
    $1200 21
Auckland

Adam
    $1200 19
a saddle shoe

Erin
    $1200 28
Paul Revere

Erin
    $1200 8
Places in the Heart

Lydia
    $1200 13
York

Erin
    $1600 6
Ham, Shem & Japheth

Adam
    $3,000 22
East Timor

Adam
    $1600 24
bay

Lydia
    $1600 29
Independence Hall

Adam
    $1600 9
(Erin: What is Heart of Darkness?)

Hearts of Darkness

Erin
Triple Stumper
    $1,200 15
(Adam: What is George? What is [*]?)

King George VI

Adam
    $2000 7
Shadrach, Meshach & Abednego

Adam
    $2000 23
(Alex: In the Andes, [*].)

Mount Aconcagua

Triple Stumper
    $2000 25
studs

Adam
    $2000 30
(Lydia: What is bas-relief?)

intaglio

Lydia
Triple Stumper
    $2000 10
Heart of Gold

Lydia
    $2000 16
Princess Margaret

Lydia

Scores at the end of the Double Jeopardy! Round:

Adam Lydia Erin
$19,800 $7,000 $9,200
(lock game)

[wagering suggestions for these scores]

Final Jeopardy! Round responses

19th CENTURY WRITERS
(Alex: [To Lydia] You wrote down "Who is [*]?"--who had been fighting to help Greece in its independence, and you are correct.)
LydiaWho is Lord Byron?
$0
ErinWho is Lord Byron?
$9,000
AdamWho is Tennyson
$1,300
Lord Byron

Final scores:

Adam Lydia Erin
$18,500 $7,000 $18,200
Finalist 3rd place: $10,000 2nd place: $10,000

Game dynamics:

Coryat scores:

Adam Lydia Erin
$18,800 $9,000 $9,200
23 R
(including 2 DDs),
3 W
16 R,
5 W
(including 1 DD)
14 R,
2 W

Combined Coryat: $37,000

[game clues] [game scores] [suggest correction]

Game tape date: Unknown
The J! Archive is created by fans, for fans. Scraping, republication, monetization, and malicious use prohibited; this site may use cookies and collect identifying information. See terms. The Jeopardy! game show and all elements thereof, including but not limited to copyright and trademark thereto, are the property of Jeopardy Productions, Inc. and are protected under law. This website is not affiliated with, sponsored by, or operated by Jeopardy Productions, Inc. Join the discussion at JBoard.tv.